| 000 | 00823cam a2200253 a 4500 | ||
|---|---|---|---|
| 001 | 1931781 | ||
| 003 | ARRUPE | ||
| 005 | 20150121124150.0 | ||
| 008 | 860710s1985 rh acf 000 0beng | ||
| 010 | _a 85981639 | ||
| 020 | _a0869223526 (pbk.) | ||
| 040 |
_aDLC _cDLC _dDLC |
||
| 043 | _af------ | ||
| 050 | 0 | 0 | _aBX1632.Z55.B72D75 |
| 100 | 1 |
_aDove, John _q(John Thurston) _914479 |
|
| 245 | 1 | 0 |
_aJohn Bradburne of Mutemwa : _bthree wishes fulfilled / _cJohn Dove. |
| 260 |
_aGweru, Zimbabwe : _bMambo Press, _c1985. |
||
| 300 |
_a24 p., [4] p. of plates : _bill., ports. ; _c19 cm. |
||
| 440 | 0 |
_aMakers of Zimbabwe ; _v2 _914480 |
|
| 600 | 1 | 0 |
_aBradburne, John, _d-1979. _914481 |
| 610 | 2 | 0 |
_aFranciscans _zZimbabwe _xBiography. _914482 |
| 906 |
_a7 _bcbc _corignew _d3 _encip _f19 _gy-gencatlg |
||
| 942 |
_2lcc _cMONOGRAPH |
||
| 999 |
_c121851 _d121851 |
||